• 首页
  • 本馆介绍
  • 公告通知
  • 最新文献
  • 馆藏检索
  • 电子资源
  • 读者导购
  • 参考咨询
  • 我的图书馆
  • 登录
  • 详细信息显示
  • 放入我的书架
  • 预约/预借图书
  • 作者相关作品
  • 分类相关作品
  • 丛书相关作品
  • 出版社相关作品

书目信息

  • 表格格式
  • 工作单格式
  • 卡片格式
题名:
噪声控制参考手册
    
 
作者: 格林 , Ghering 著 ;谢贤宗 , 徐子江 译
分册:  
出版信息: 上海   上海科学技术文献出版社  1982
页数: 132页
开本: 19cm
丛书名:
单 册:
中图分类: TB535-62
科图分类:
主题词: 噪声控制--手册
电子资源:
ISBN:
000 00763nam0 2200265 45
001 0182011273
005 20060814144516.32
010    @dCNY0.60
091    @a13192.37
100    @a19950623d1982 emky0chiy0121 ea
101 0  @achi@ceng
102    @aCN@b310000
105    @ay z 000yy
200 10 @a噪声控制参考手册@Azao sheng kong zhi can kao shou ce@f()格林(Ghering,W.L.)著@g徐子江,谢贤宗译
210    @a上海@c上海科学技术文献出版社@d1982
215    @a132页@d19cm
606    @a噪声控制@x手册
690    @aTB535-62@v3
701  1 @a格林@Age lin@bW.L.@4著
701 A1 @aGhering@bW.L.@4著
702  0 @a谢贤宗@Axie xian zong@4译
702  0 @a徐子江@Axu zi jiang@4译
801  2 @aCN@bNLC@c20060814
801  0 @aCN@bTSSF
905    @a10447@dTB535-62@e126
    
    噪声控制参考手册/()格林(Ghering,W.L.)著/徐子江,谢贤宗译.-上海:上海科学技术文献出版社,1982
    132页;19cm
    
    
    ISBN :CNY0.60
    
●
相关链接 在E读中查询图书 在五车中查询图书 在当当中查询图书 在豆瓣中查询图书


正题名:噪声控制参考手册     索取号:TB535-62/126         预约/预借

序号 登录号 条形码 馆藏地/架位号 状态 备注
1 0458192   204581924   密集书库/ [索取号:TB535-62/126] 在馆    
唐山师范学院图书馆 欢迎您!
大连网信软件有限公司© 版权所有